000
00314nam a22001337a 4500
020
_a
81-8022-016-8
082
_a
920
_b
DEO/M
100
_a
DEO,SUBHASH G.
245
_a
MARCONI
_b
INVENTOR OF RADIO COMMUNICATION
260
_a
DELHI
_b
PRIORITY PUBLICATIONS
300
_a
73
650
_a
BIOGRAPHY
_z
DELHI
942
_c
BK
999
_c
6372
_d
6372